000 00723nam a2200241Ia 4500
003 OSt
005 20220926015437.0
006 a|||||r|||| 00| 0
007 ta
008 220923b |||||||| |||| 00| 0 eng d
020 _a1403967075
037 _cGeneral Book
040 _aRTL
_cRTL
_beng
041 _2eng
_aeng
082 _aY9(W:5), P5
100 _aNnaemeka Obioma
_9322298
245 0 _aEngendering human rights
_b Cultural and socioeconomic realities in Africa
260 _aNew York
_bPalgrave macmillan
_c2005
300 _axii;314p
_ccm.
700 _a Ezeilo Joy Ngozi
_9322299
942 _hY9(W:5), P5
_cGB
_2CC
999 _c631556
_d631556